Achievements in engineering during the last half century (Record no. 544845)
[ view plain ]
| 000 -LEADER | |
|---|---|
| fixed length control field | 00899cam a2200217Ma 4500 |
| 082 ## - DEWEY DECIMAL CLASSIFICATION NUMBER | |
| Classification number | 620.009 |
| Author Mark | VER |
| -- | L-Tech, P-141 |
| 100 1# - MAIN ENTRY--PERSONAL NAME | |
| Personal name | Vernon-Harcourt, Leveson Francis, |
| 9 (RLIN) | 40592 |
| 245 10 - TITLE STATEMENT | |
| Title | Achievements in engineering during the last half century |
| Statement of responsibility, etc. | by L.F. Vernon-Harcourt. |
| 250 ## - EDITION STATEMENT | |
| Edition statement | 2nd ed. |
| 260 ## - PUBLICATION, DISTRIBUTION, ETC. | |
| Place of publication, distribution, etc. | London : |
| Name of publisher, distributor, etc. | Seeley, |
| Date of publication, distribution, etc. | 1892 |
| 300 ## - PHYSICAL DESCRIPTION | |
| Extent | 1 online resource ([1], vi, [2], 311 p., [13] leaves of plates) : |
| Other physical details | ill., port. |
| 490 1# - SERIES STATEMENT | |
| Series statement | Nineteenth Century Collections Online (NCCO): Science, Technology, and Medicine: 1780-1925 |
| 500 ## - GENERAL NOTE | |
| General note | Bookplate: p. [1], first count. |
| 500 ## - GENERAL NOTE | |
| General note | Includes index. |
| 500 ## - GENERAL NOTE | |
| General note | Reproduction of the original from the Huntington Library. |
| 526 ## - STUDY PROGRAM INFORMATION NOTE | |
| Program name | 0 |
| Interest level | 0 |
| Reading level | 0 |
| Title point value | 620_009000000000000_VER |
| 650 #0 - SUBJECT ADDED ENTRY--TOPICAL TERM | |
| Topical term or geographic name entry element | Civil engineering |
| General subdivision | History. |
| 9 (RLIN) | 40593 |
| 650 #0 - SUBJECT ADDED ENTRY--TOPICAL TERM | |
| Topical term or geographic name entry element | MCE |
| 9 (RLIN) | 379 |
| 856 40 - ELECTRONIC LOCATION AND ACCESS | |
| Uniform Resource Identifier | <a href="http://www.columbia.edu/cgi-bin/cul/resolve?clio10759545">http://www.columbia.edu/cgi-bin/cul/resolve?clio10759545</a> |
| 942 ## - ADDED ENTRY ELEMENTS (KOHA) | |
| Source of classification or shelving scheme | |
| Koha item type | Book |
| Withdrawn status | Lost status | Source of classification or shelving scheme | Damaged status | Not for loan | Permanent Location | Current Location | Date acquired | Total Checkouts | Full call number | Barcode | Date last seen | Price effective from | Koha item type |
|---|---|---|---|---|---|---|---|---|---|---|---|---|---|
| Military College of Engineering (MCE) | Military College of Engineering (MCE) | 05/12/2014 | 620.009 VER | MCE-41476 | 05/12/2014 | 05/12/2014 | Book |
